|
|
|
|
| LEADER |
00000nab a2200000 a 4500 |
| 001 |
vtls000578673 |
| 003 |
SK-MaSNL |
| 005 |
20260304092351.0 |
| 008 |
250425c1995 xo 0 slo |
| 015 |
|
|
|a SNBRB19rr/mm-uuuuu
|
| 035 |
|
|
|a CL0578811
|
| 035 |
|
|
|a urn:nbn:sk:snk-abakei
|
| 035 |
|
|
|a (urnnbn)urn:nbn:sk:snk:ar-007v0w
|
| 035 |
|
|
|a (uuid)1e9c15ed-7f73-465c-ac10-87e9b6e3d0a7
|
| 040 |
|
|
|a SNKBUCL
|b slo
|c SNKBUCL
|e AACR2
|
| 041 |
0 |
|
|a cze
|
| 044 |
|
|
|a xo
|c SK
|
| 080 |
|
|
|a 616.34-002:615.36
|2 1981
|
| 080 |
|
|
|a 615.36
|2 1981
|
| 245 |
0 |
0 |
|a Hepatobiliarní onemocnění u pacientů s nespecifickými střevními záněty
|c A. Pokorný ... [et al.]
|
| 300 |
|
|
|b Tab. 8, res. angl., češ., lit. 12 zázn. v angl., češ.
|
| 650 |
0 |
7 |
|a črevo
|2 snkbucl
|9 1014778
|
| 650 |
0 |
7 |
|a zápal nešpecifický
|2 snkbucl
|9 1385263
|
| 650 |
0 |
7 |
|a choroby hepatobiliárne
|2 snkbucl
|9 1206185
|
| 655 |
|
7 |
|a články z novín a časopisov
|2 snkbucl
|9 267496
|
| 700 |
1 |
|
|a Pokorný, A.
|4 aut
|9 653831
|
| 700 |
1 |
|
|a Zbořil, V.
|4 aut
|9 899298
|
| 700 |
1 |
|
|a Prokopová, L.
|4 aut
|9 899299
|
| 700 |
1 |
|
|a Hertlová, M.
|4 aut
|9 899300
|
| 700 |
1 |
|
|a Dítě, Petr,
|d 1941-
|4 aut
|9 25167
|
| 773 |
0 |
|
|t Česká a slovenská gastroenterologie
|g Roč. 49, č. 5 (1995), s. 153-156
|x 1210-7824
|
| 850 |
|
|
|a Slovenská národná knižnica
|
| 852 |
|
|
|a Slovenská národná knižnica
|
| 954 |
|
|
|a odborná, vedecká literatúra cudzojazyčná (svetová)
|2 lita
|
| 958 |
|
|
|a article14
|
| 958 |
|
|
|a OND
|
| 958 |
|
|
|a NB
|
| 958 |
|
|
|a RK
|
| 958 |
|
|
|a MI
|
| 958 |
|
|
|a EUIPO
|
| 992 |
|
|
|a RBX
|
| 999 |
|
|
|c 2818878
|d 2820808
|